00625nam a2200193Ia 4500008004100000020001400041082001500055100001800070245002900088250000700117260003400124300002700158500001900185600002100204650005000225942000700275952013400282999001500416240925s9999 xx 000 0 und d a697268365 a005.12 DIC aDickson , E.A 0aComputer Program Design  aNA aBoston:bMC Graw-Hillc,1996. axx,919p.bNAfOriginal aIncludes Index aComputer Science aComputer science, information & general works cBK 001040708CSaUITUbUITUd2008-01-03eParamount Book Pvt Ltdg358.00l0o005.12 DICpQ7277r2024-09-25 07:14:32w2024-09-25yBK c9776d9776